| 000 | 00385nam a2200133Ia 4500 | ||
|---|---|---|---|
| 008 | 211109s9999||||xx |||||||||||||| ||und|| | ||
| 082 |
_a587 _bRAS-I |
||
| 100 | _aRashid, A | ||
| 245 | 0 | _aIntroduction to Peridophyta Diversity and Differentitation | |
| 260 |
_bVani Prakashan _aNew Delhi |
||
| 630 | _xGENERAL STACK | ||
| 650 |
_aScience _vVascular seedless plantsBotany |
||
| 942 | _cBOOK | ||
| 999 |
_c42014 _d42014 |
||